Lý thuyết âm nhạc cơ bản Giáo trình dùng cho năm thứ nhất khoa âm nhạc

שמור ב:
מידע ביבליוגרפי
מחבר ראשי: Trịnh Tuấn
פורמט: ספר
שפה:Vietnamese
יצא לאור: HCM Trường Cao đẳng sư phạm nhạc họa trung ương 1986
תגים: הוספת תג
אין תגיות, היה/י הראשונ/ה לתייג את הרשומה!
Thư viện lưu trữ: Mạng thư viện Đại học Đà Nẵng
LEADER 00707nam a2200241 4500
001 000014031
003 10384
005 20120328100347.0
008 120328s1986 viesd
041 0 |a vie 
082 |a 781  |b TR-T 
100 0 |a Trịnh Tuấn 
245 0 |a Lý thuyết âm nhạc cơ bản  |b Giáo trình dùng cho năm thứ nhất khoa âm nhạc  |c Trịnh Tuấn 
260 |a HCM  |b Trường Cao đẳng sư phạm nhạc họa trung ương  |c 1986 
300 |a 89 tr.  |c 19x23cm 
OWN |a LSP 
999 |a From the UDN01 
TYP |a Monograph 
TYP |a Printed language 
980 |a Mạng thư viện Đại học Đà Nẵng